Hacia la sociedad del siglo xxi : Reportaje /

Guardado en:
Autor Corporativo: DIDACO.
Formato: Deslizar
Series:Audiovisual
Materias:
Etiquetas: Agregar Etiqueta
Sin Etiquetas, Sea el primero en etiquetar este registro!
LEADER 00852ngm a22002415g 4500
001 CEM.cems021937
008 130507b1993##################0###0#####d
005 20240920150152.0
245 1 0 |a Hacia la sociedad del siglo xxi :  |b Reportaje /  |c DIDACO. 
300 |a 10'. 
490 0 |a Audiovisual 
500 |a En soporte VHS, consultar en ventanilla. 
505 0 |a La división del trabajo. La sociedad industrializada. Ciencias que diseñan el futuro. La tecnología como medio de liberación. 
538 |a Soporte: VHS - Norma: Pal N - Color - Grabación DRD 1993 - Hitachi=1833 
110 2 |a DIDACO. 
082 3 0 |/ BOR 
653 |a SOCIOLOGIA 
653 |a SOCIEDAD 
653 |a TRABAJO 
653 |a INDUSTRIALIZACION 
653 |a TECNOLOGIA 
653 |a NIVEL SECUNDARIO 
859 |a CEMS  |b BIB. CEMS - Depto. Recursos Didacticos  |h 301  |i BOR  |k DRD  |p 580.12  |t Ej.1